Rapunzel

Bibliographic Details
Format: Book

MARC

LEADER 00000cam a2200000 7i4500
001 0000007189
002 000007734
005 20000330.0
020 |a 0721402216 
090 0 0 |a YF   |b WEL 
245 0 0 |a Rapunzel 
999 |a 0013440   |b BUKU   |c PINJAMAN   |e PERPUSTAKAAN KOMUNITI PETALING JAYA